000 00711nam a2200229 a 4500
005 20140305095913.0
008 140305b1964 cau||||| |||| 00| 0 eng d
041 _aeng
090 _aLB
_b02147
100 _aMacNeill, C. Don
_915503
245 _aSkippers of the genus Hesperia in western north America with special reference to California (Lepidoptera
_bHesperiidae)
260 _aCalifornia
_bNational Geographic Society
_c1964
300 _a230
650 _aHesperia
_915504
650 _aLepidoptera
_94329
650 _aHesperiidae
_915505
650 _aSistemática
_93510
650 _aEstados larvales
_912760
650 _aTaxonomía
_915506
662 _cAmérica del Norte
942 _cImpreso
_2z
999 _c2324
_d2324